En torno a un cuadro de historia (Record no. 150879)

MARC details
000 -LEADER
campo de control de longitud fija 00899ntm a2200217 i 4500
001 - NÚMERO DE CONTROL
campo de control 150879
003 - IDENTIFICADOR DE NÚMERO DE CONTROL
campo de control ES-MaACL
005 - FECHA Y HORA DE LA ÚLTIMA TRANSACCIÓN
campo de control 20250925162502.0
007 - CAMPO FIJO DE DESCRIPCIÓN FÍSICA--INFORMACIÓN GENERAL
campo de control de longitud fija t|
008 - DATOS DE LONGITUD FIJA--INFORMACIÓN GENERAL
campo de control de longitud fija 071116s1932 sp f |||| | spa d
100 1# - ENTRADA PRINCIPAL--NOMBRE DE PERSONA
Nombre de persona Cabré, María de la Encarnación.
9 (RLIN) 33261
245 10 - MENCIÓN DEL TÍTULO
Título En torno a un cuadro de historia
Resto del título : (desembarco de Fernando VII en el Puerto de Santa María en 1823, obra del pintor de cámara D. José Aparicio) /
Mención de responsabilidad, etc. tema de investigación presentado por la alumna Mª de la Encarnación Cabré.
260 ## - PUBLICACIÓN, DISTRIBUCIÓN, ETC.
Lugar de publicación, distribución, etc. [S.l. :
Nombre del editor, distribuidor, etc. Mª Encarnación Cabré],
Fecha de publicación, distribución, etc. 1932.
300 ## - DESCRIPCIÓN FÍSICA
Extensión 2 h., III, 1 h., 45 p., 7 h. de lám. ;
Dimensiones 20 x 28 cm.
500 ## - NOTA GENERAL
Nota general Ejemplar mecanografiado.
500 ## - NOTA GENERAL
Nota general Precede al tít.: Historia universal contemporánea.
600 17 - PUNTO DE ACCESO ADICIONAL DE MATERIA--NOMBRE DE PERSONA
Nombre de persona Aparicio, José,
Fechas asociadas al nombre 1770-1838
Fuente del encabezamiento o término
9 (RLIN) 166392
852 ## - LOCALIZACIÓN
Ubicación ES-MaACL
Número de control de estantería Armario 18
Signatura antigua Olim: 1890-F-9
942 ## - ELEMENTOS DE ENTRADA SECUNDARIOS (KOHA)
Fuente del sistema de clasificación o colocación Clasificación decimal universal
Holdings
Estatus retirado Estado de pérdida Fuente del sistema de clasificación o colocación Estado de daño No para préstamo Colección Biblioteca de origen Biblioteca actual Ubicación en estantería Fecha de adquisición Total de préstamos Signatura topográfica completa Código de barras Visto por última vez Precio de reemplazo Tipo de ítem Koha
    Clasificación decimal universal     Manuscritos Biblioteca del Ateneo de Madrid Biblioteca del Ateneo de Madrid Depósito 17/01/2008   Armario 18 1157437 23/02/2023 23/02/2023 Manuscrito